| 000 | 00586nam a22001577a 4500 | ||
|---|---|---|---|
| 005 | 20120618121345.0 | ||
| 020 | _c80.00 | ||
| 035 | _aB-29795 | ||
| 037 |
_aDPL _bENG |
||
| 100 |
_aKhare, Prem Shanker _949256 |
||
| 245 |
_aTowards quality education : _bApproach modules for educators, planners and parents / _cby Prem Shanker Khare |
||
| 260 |
_aAllahabad _bEducational Forum _c1998 |
||
| 300 |
_a112p. _c18 cms. |
||
| 942 |
_2ddc _cEN _h370.1 _mKHA |
||
| 999 |
_c68043 _d68043 |
||